Alle Parteien Rumäniens - Statistiken

Allgemein
  • Dieses Quiz wurde 4 mal gespielt
  • Das Durchschnittsergebnis liegt bei 3 aus 9
Antwortstatistiken
Partei % Korrekt
Partidul Social Democrat
100%
Uniunea Salvați România
75%
Partidul Național Liberal
50%
Uniunea Democrată Maghiară din România
25%
Alianța Liberalilor și Democraților
0%
Partidul Democrat Liberal
0%
Partidul Mișcarea Populară
0%
Partidul Poporului – Dan Diaconescu
0%
Uniunea Națională pentru Progresul României
0%
Keine übereinstimmenden Quizze gefunden
Verteilung der Resultate
Anzahl Personen mit jedem Resultat
Perzentil nach korrekt beantworteten Fragen
Ihre Resultats-Entwicklung
Sie haben dieses Quiz noch nicht gespielt